Los procesos de redefinición partidaria
Gorde:
| Formatua: | Texto |
|---|---|
| Gaiak: | |
| Etiketak: |
Etiketa erantsi
Etiketarik gabe, Izan zaitez lehena erregistro honi etiketa jartzen!
|
MARC
| LEADER | 00000 a a2200000 04500 | ||
|---|---|---|---|
| 001 | 5848 | ||
| 003 | |||
| 040 | |||
| 245 | |a Los procesos de redefinición partidaria | ||
| 650 | |a ELECCIONES | ||
| 650 | |a VOTACION | ||
| 650 | |a PARTIDOS POLITICOS | ||
| 650 | |a MODERNIZACION | ||
| 650 | |a PARTICIPACION POLITICA | ||
| 650 | |a DEMOCRACIA | ||
| 773 | |g volumen 15, número 615; páginas 7-9 | ||
| 999 | |c 31191 |d 31191 | ||
